| 000 | 00474nam a2200145Ia 4500 | ||
|---|---|---|---|
| 008 | 220216s9999 xx 000 0 und d | ||
| 100 | _aEdathil T T | ||
| 245 | 0 | _aRecent experiments on management of two phytophthora diseases of Hevea rubber in India | |
| 260 |
_bInternational Natural Rubber Conference, 5-8 February 1992, Bangalore, India. _c1992 |
||
| 700 | _aIdicula S P | ||
| 700 | _aJacob C K | ||
| 700 | _aJayarathnam K | ||
| 700 | _aKrishnankutty V | ||
| 942 | _cJS | ||
| 999 |
_c66475 _d66475 |
||